Caveat system in Sarawak

Bibliographic Details
Main Author: Chew Peng Hui, Andrew
Format: Book
Published: Selangor : Sweet & Maxwell Asia
Edition:3rd ed.
Subjects:

MARC

LEADER 00000cam a2200000 7i4500
001 0000016023
005 20051022.0
020 |a 9839088785 
040 |a INS 
090 0 0 |a KPH2571.35   |b C48 2002 
100 0 |a Chew Peng Hui, Andrew 
245 1 0 |a Caveat system in Sarawak   |c Andrew Chew Peng Hui 
250 |a 3rd ed. 
260 |a Selangor :   |b Sweet & Maxwell Asia 
300 |a xxxvii :   |b 185p. ;   |c 25cm. 
650 0 0 |a Land title   |x Registration and transfer   |z Malaysia - Sarawak 
999 |a 0000015964   |b BOOK   |c Open Shelf   |e Default branch